01417nam a2200241Ia 4500001001100000003001000011008004100021040002500062041001300087100003000100245004500130250001100175260006700186300002700253500026600280501011400546520026600660650003100926942000700957957000600964999004300970952016201013L239-10994IT-CnALBA170116s9999||||xx |||||||||||||| ||und|| aIT-CnALBAcIT-CnALBA aITALIANO aBALLERINI GIUSEPPE, DOTT. 0aGESÙ CRISTO E I SUOI MODERNI CRITICI.  a2a ed. a PAVIAbARTIGIANELLI SCUOLA TIP. EDITR. c1922 [1° Ed.: n.d.] a391 p. (prefazione: 3) aCRISTO DELLA FEDEE DELLA STORIA. RAZIONALISMO. MITOLOGIA. RAZIONALISMO. MITOLOGIA. CRITICA NEGATIVA. ANTICO E NUOVO TESTAMENTO. EBRAISMO. CRISTIANESIMO. GESÙ IL MESSIA. INCERTEZZE IN GESÙ DELLA SUA DIVINITÀ E MISSIANICITA'. ILLUSIONE DI CRISTO SULLA MESSI aSocietà San Paolo EM - Piazza San Paolo, 14 - 12051 ALBA (CN) (non commercial uses only) ® Copyright 2017 aCRISTO DELLA FEDEE DELLA STORIA. RAZIONALISMO. MITOLOGIA. RAZIONALISMO. MITOLOGIA. CRITICA NEGATIVA. ANTICO E NUOVO TESTAMENTO. EBRAISMO. CRISTIANESIMO. GESÙ IL MESSIA. INCERTEZZE IN GESÙ DELLA SUA DIVINITÀ E MISSIANICITA'. ILLUSIONE DI CRISTO SULLA MESSI aAPOLOGETICA E CONTROVERSIE cBK 71 a15747bSI g Copie: 1 c270171d270171 0010406L_2391099471aALBAbALBAd2017-01-16l0oL239-10994r2017-01-16 00:00:00w2017-01-16yBKz(data import: 16 gennaio 2017) - By Epidotti, Vaglietti.